NBA 2016-17 Top 5 Points Per Game By Team - Statistics

General Stats
  • This quiz has been taken 62 times
  • The average score is 109 of 150
Answer Stats
Team Player % Correct
Clippers Blake Griffin
100%
Clippers Chris Paul
100%
Celtics Isaiah Thomas
100%
Rockets James Harden
100%
Spurs Kawhi Leonard
100%
Warriors Klay Thompson
100%
Grizzlies Marc Gasol
100%
Spurs Pau Gasol
100%
Knicks Carmelo Anthony
98%
Raptors DeMar DeRozan
98%
Mavericks Dirk Nowitzki
98%
Bulls Dwyane Wade
98%
Bulls Jimmy Butler
98%
Cavaliers Kyrie Irving
98%
Cavaliers LeBron James
98%
Thunder Russell Westbrook
98%
Pelicans Anthony Davis
96%
Trail Blazers Damian Lillard
96%
Pelicans DeMarcus Cousins
96%
Warriors Draymond Green
96%
Grizzlies JaMychal Green
96%
Pistons Andre Drummond
94%
Clippers DeAndre Jordan
94%
Bucks Giannis Antetokounmpo
94%
Bucks Jabari Parker
94%
Wizards John Wall
94%
Warriors Kevin Durant
94%
Cavaliers Kevin Love
94%
Mavericks Seth Curry
94%
Warriors Stephen Curry
94%
Spurs Tony Parker
94%
Timberwolves Andrew Wiggins
91%
Nets Brook Lopez
91%
Hawks Dwight Howard
91%
Jazz Gordon Hayward
91%
76ers Joel Embiid
91%
Timberwolves Karl-Anthony Towns
91%
Raptors Kyle Lowry
91%
Hawks Paul Millsap
91%
Bulls Robin Lopez
91%
Magic Aaron Gordon
89%
Celtics Al Horford
89%
Lakers D'Angelo Russell
89%
Rockets Eric Gordon
89%
Hornets Kemba Walker
89%
Spurs Patty Mills
89%
Pacers Paul George
89%
Wizards Bradley Beal
87%
Suns Eric Bledsoe
87%
Mavericks Harrison Barnes
87%
Heat Hassan Whiteside
87%
Jazz Rudy Gobert
87%
Suns Devin Booker
85%
Heat Goran Dragic
85%
Heat James Johnson
85%
Clippers JJ Redick
85%
Grizzlies Mike Conley
85%
Timberwolves Ricky Rubio
85%
Thunder Steven Adams
85%
Nets Trevor Booker
85%
Heat Tyler Johnson
85%
Thunder Victor Oladipo
85%
Celtics Avery Bradley
83%
Trail Blazers CJ McCollum
83%
Knicks Derrick Rose
83%
Knicks Kristaps Porzingis
83%
Pistons Reggie Jackson
83%
Cavaliers Deron Williams
81%
Spurs LaMarcus Aldridge
81%
Rockets Lou Williams
81%
Pistons Marcus Morris
81%
Wizards Markieff Morris
81%
Hornets Marvin Williams
81%
Jazz George Hill
79%
Raptors Jonas Valanciunas
79%
Lakers Julius Randle
79%
Bulls Rajon Rondo
79%
Pacers Jeff Teague
77%
Cavaliers Kyle Korver
77%
Rockets Ryan Anderson
77%
Timberwolves Zach LaVine
77%
Hawks Dennis Schroder
74%
Pelicans Jrue Holiday
74%
Nuggets Nikola Jokic
74%
Kings Rudy Gay
74%
Raptors Serge Ibaka
74%
Timberwolves Gorgui Dieng
72%
Celtics Jae Crowder
72%
Magic Elfrid Payton
70%
Bucks Greg Monroe
70%
Hornets Nicolas Batum
70%
Magic Nikola Vucevic
70%
76ers Robert Covington
70%
Warriors Andre Iguodala
68%
Nuggets Danilo Gallinari
68%
76ers Dario Saric
68%
Jazz Derrick Favors
68%
Nuggets Gary Harris
68%
Pistons Tobias Harris
68%
Nuggets Wilson Chandler
68%
Grizzlies Zach Randolph
68%
Pacers Myles Turner
66%
Bulls Nikola Mirotic
66%
Rockets Clint Capela
64%
Magic Evan Fournier
64%
Clippers Jamal Crawford
64%
Nets Jeremy Lin
64%
Pistons Kentavious Caldwell-Pope
64%
Bucks Malcolm Brogdon
64%
Thunder Taj Gibson
64%
Trail Blazers Jusuf Nurkic
62%
Celtics Marcus Smart
62%
Lakers Nick Young
62%
Pacers Thaddeus Young
62%
Lakers Brandon Ingram
57%
Kings Buddy Hield
57%
Thunder Enes Kanter
57%
Wizards Otto Porter Jr.
57%
Nets Rondae Hollis-Jefferson
57%
76ers Jahlil Okafor
53%
Knicks Courtney Lee
51%
Lakers Jordan Clarkson
51%
Jazz Rodney Hood
51%
Magic Terrence Ross
51%
Kings Darren Collison
49%
Heat Dion Waiters
49%
Grizzlies Tony Allen
47%
Trail Blazers Maurice Harkless
40%
Hawks Tim Hardaway Jr.
40%
Suns TJ Warren
40%
Kings Tyreke Evans
40%
Mavericks Wesley Matthews
38%
Nuggets Will Barton
38%
Pacers CJ Miles
36%
Kings Ty Lawson
34%
Suns Brandon Knight
32%
Hawks Ersan Ilyasova
32%
Hornets Frank Kaminsky
32%
Suns Marquese Chriss
32%
Wizards Bojan Bogdanovic
30%
Raptors Cory Joseph
30%
Knicks Willy Hernangomez
30%
Pelicans E'Twaun Moore
26%
Trail Blazers Allen Crabbe
23%
Nets Sean Kilpatrick
21%
Mavericks Yogi Ferrell
21%
76ers Richaun Holmes
19%
Bucks Michael Beasley
17%
Hornets Marco Belinelli
15%
Pelicans Tim Frazier
9%
No matching quizzes found
Score Distribution
Percent of People with Each Score
Percentile by Number Answered
Your Score History
You have not taken this quiz